[Event "10eme Open International de La Fere"]
[Site "La Fere (FRA)"]
[Date "2011.07.04"]
[Round "4.39"]
[White "Dagnicourt, Marie"]
[Black "Wolfangel, Jocelyne"]
[Result "1/2-1/2"]
[WhiteElo "1350"]
[BlackElo "1438"]
[PlyCount "59"]
[EventDate "2011.??.??"]

1. e4 d5 2. exd5 Qxd5 3. Nc3 Qd6 4. Nf3 a6 5. Bc4 e6 6. O-O b5 7. Bb3 Nf6 8. d4
Bb7 9. a3 Nc6 10. Re1 Be7 11. Bg5 Na5 12. Ba2 O-O 13. Bxf6 Bxf6 14. Ne4 Qd8 15.
Nxf6+ Qxf6 16. Rb1 Rad8 17. Re3 c5 18. c3 cxd4 19. cxd4 Nc6 20. Rd3 Ne7 21. Ne1
Be4 22. Rd2 Bxb1 23. Bxb1 Nf5 24. d5 exd5 25. Rxd5 Rxd5 26. Qxd5 Rd8 27. Qxf5
Qxf5 28. Bxf5 f6 29. Bc2 Re8 30. Kf1 1/2-1/2

[Event "10eme Open International de La Fere"]
[Site "La Fere (FRA)"]
[Date "2011.07.04"]
[Round "4.40"]
[White "Bourgeois-Copigny, Yann"]
[Black "Boudier, Eric"]
[Result "0-1"]
[WhiteElo "1320"]
[BlackElo "1840"]
[PlyCount "62"]
[EventDate "2011.??.??"]

1. c4 c6 2. d4 Nf6 3. Nc3 d5 4. Bf4 Bf5 5. e3 e6 6. Nf3 Nbd7 7. Bd3 Bg4 8. O-O
Be7 9. a4 O-O 10. h3 Bh5 11. Be2 Re8 12. Qb3 Qb6 13. Qc2 Bg6 14. Bd3 Bxd3 15.
Qxd3 Qa6 16. Ne5 Nxe5 17. dxe5 dxc4 18. Qd2 Nd5 19. Nxd5 cxd5 20. Rfc1 Rac8 21.
Qd1 g6 22. b3 cxb3 23. Rxc8 Rxc8 24. Qxb3 Qc6 25. Qd3 Qc3 26. Qb1 b6 27. Qb5
Qxa1+ 28. Kh2 Qc3 29. Bh6 Qxe5+ 30. f4 Qd6 31. Qb2 Bf8 0-1

[Event "10eme Open International de La Fere"]
[Site "La Fere (FRA)"]
[Date "2011.07.04"]
[Round "4.41"]
[White "Benkirane, Nabil"]
[Black "Vandervorst, Marc"]
[Result "1/2-1/2"]
[WhiteElo "1560"]
[BlackElo "1882"]
[PlyCount "130"]
[EventDate "2011.??.??"]

1. d4 g6 2. c4 Bg7 3. Nf3 d6 4. Nc3 Nf6 5. e4 Bg4 6. h3 Bd7 7. Be3 O-O 8. Be2
a6 9. O-O c6 10. Qd2 Qc8 11. Bh6 b5 12. cxb5 axb5 13. Bxg7 Kxg7 14. a3 Na6 15.
b4 Nc7 16. Rfc1 Qb7 17. e5 Nfd5 18. Ne4 f5 19. Nc3 Nxc3 20. Qxc3 Nd5 21. Qd2 h6
22. Rc2 Ra6 23. h4 f4 24. Ne1 Bf5 25. Nd3 Qa7 26. exd6 exd6 27. Rac1 Bd7 28.
Bf3 Qxd4 29. Bxd5 Qxd5 30. Re1 Rf7 31. Qc3+ Kg8 32. Rd2 Qc4 33. Qxc4 bxc4 34.
Nc1 d5 35. Ra2 Kf8 36. Ne2 Re7 37. Kf1 Re4 38. f3 Re3 39. Nxf4 Raxa3 40. Rxa3
Rxa3 41. Nxg6+ Kg7 42. Ne5 Be8 43. Nxc4 dxc4 44. Rxe8 c3 45. Re1 Kf6 46. Ke2
Ra2+ 47. Kd3 Rxg2 48. Kxc3 Rg3 49. Kc4 Rh3 50. Kc5 Rxh4 51. Rb1 Rf4 52. Kxc6
Rxf3 53. b5 Kg5 54. b6 Rf6+ 55. Kd7 Rf7+ 56. Kc8 h5 57. b7 h4 58. b8=Q Rf8+ 59.
Kc7 Rxb8 60. Rxb8 h3 61. Kd6 Kf4 62. Rh8 Kg3 63. Ke5 h2 64. Ke4 Kg2 65. Rxh2+
Kxh2 1/2-1/2

[Event "10eme Open International de La Fere"]
[Site "La Fere (FRA)"]
[Date "2011.07.04"]
[Round "4.42"]
[White "Oprandi, William"]
[Black "Van Poucke, Anthony"]
[Result "1-0"]
[WhiteElo "1779"]
[BlackElo "1599"]
[PlyCount "71"]
[EventDate "2011.??.??"]

1. d4 Nf6 2. c4 c5 3. d5 b5 4. cxb5 a6 5. b6 Qxb6 6. Nc3 Bb7 7. e4 d6 8. Nf3
Nbd7 9. Be2 g6 10. O-O Bg7 11. Nd2 O-O 12. Nc4 Qc7 13. Be3 a5 14. Rc1 Ba6 15.
Na3 Bxe2 16. Qxe2 Qb6 17. Bd2 e6 18. Nc4 Qa6 19. Rfe1 exd5 20. exd5 Rfe8 21.
Qf1 Ng4 22. Ne4 Bd4 23. h3 f5 24. hxg4 Rxe4 25. gxf5 gxf5 26. Rxe4 fxe4 27. Qe2
Ne5 28. b3 Rf8 29. Be3 Bxe3 30. Qxe3 a4 31. Nxe5 dxe5 32. Qxe4 axb3 33. axb3
Qf6 34. Qe3 Rb8 35. Rxc5 Qd6 36. Qc3 1-0

[Event "10eme Open International de La Fere"]
[Site "La Fere (FRA)"]
[Date "2011.07.04"]
[Round "4.43"]
[White "Menjour, Mohamed"]
[Black "Herman, Jose"]
[Result "1-0"]
[WhiteElo "1770"]
[BlackElo "1609"]
[PlyCount "63"]
[EventDate "2011.??.??"]

1. e4 c5 2. Nf3 Nc6 3. d4 cxd4 4. Nxd4 Nf6 5. Nc3 e5 6. Nb3 Bb4 7. Bd3 d5 8.
exd5 Nxd5 9. Bd2 Nxc3 10. bxc3 Be7 11. O-O O-O 12. Qe2 f5 13. f3 f4 14. Rfd1
Qc7 15. Be1 Bf5 16. Bf2 Rae8 17. Nc5 Bxc5 18. Bxc5 Bxd3 19. Rxd3 Rf6 20. Rad1
Rfe6 21. Rd7 Qa5 22. Qc4 Kh8 23. Rxb7 e4 24. Bd4 Nxd4 25. Qxd4 Qg5 26. fxe4
Rxe4 27. Qxe4 Rf8 28. Qf3 h5 29. Rd5 Rf5 30. Rbb5 Qe7 31. Rxf5 Qe1+ 32. Qf1 1-0

[Event "10eme Open International de La Fere"]
[Site "La Fere (FRA)"]
[Date "2011.07.04"]
[Round "4.44"]
[White "Remy, Camille"]
[Black "Vernede, Victor"]
[Result "0-1"]
[WhiteElo "1400"]
[BlackElo "1702"]
[PlyCount "52"]
[EventDate "2011.??.??"]

1. e4 e6 2. d4 d5 3. Nc3 Nf6 4. Bg5 Be7 5. e5 Nfd7 6. Bxe7 Qxe7 7. f4 c5 8. Nf3
a6 9. Qd2 Nc6 10. O-O-O c4 11. Kb1 b5 12. Ne2 Nb6 13. a3 a5 14. c3 Qb7 15. Qc2
b4 16. a4 b3 17. Qd2 Ne7 18. Ng3 Qd7 19. Qe2 Qxa4 20. Kc1 Qa1+ 21. Kd2 Qxb2+
22. Ke1 Qxc3+ 23. Kf2 a4 24. Nd2 a3 25. Nb1 Qc2 26. Qxc2 bxc2 0-1

[Event "10eme Open International de La Fere"]
[Site "La Fere (FRA)"]
[Date "2011.07.06"]
[Round "6.1"]
[White "Houriez, Clement"]
[Black "Lazarev, Vladimir"]
[Result "1/2-1/2"]
[WhiteElo "2328"]
[BlackElo "2445"]
[PlyCount "30"]
[EventDate "2011.??.??"]

1. d4 Nf6 2. c4 e6 3. g3 d5 4. Nf3 Bb4+ 5. Bd2 Be7 6. Bg2 O-O 7. O-O c6 8. Qc2
Nbd7 9. Bf4 a5 10. Rd1 h6 11. b3 a4 12. Nc3 Qa5 13. Rab1 a3 14. e4 Bb4 15. Bd2
dxe4 1/2-1/2

[Event "10eme Open International de La Fere"]
[Site "La Fere (FRA)"]
[Date "2011.07.06"]
[Round "6.4"]
[White "Jerez Perez, Alfonso"]
[Black "Bardoux, Thierry"]
[Result "1-0"]
[WhiteElo "2416"]
[BlackElo "2154"]
[PlyCount "43"]
[EventDate "2011.??.??"]

1. e4 c5 2. c3 d5 3. exd5 Qxd5 4. d4 Nc6 5. Nf3 e6 6. Bd3 Nf6 7. O-O Be7 8. c4
Qd8 9. dxc5 O-O 10. Nc3 Bxc5 11. Qe2 Be7 12. Rd1 Qa5 13. Bf4 a6 14. a3 Nd7 15.
Bc2 Qh5 16. h3 Bf6 17. Ne4 Be7 18. Ng3 Qa5 19. Rxd7 Bxd7 20. Qd3 g6 21. Qxd7
Bf6 22. Bc7 1-0

[Event "10eme Open International de La Fere"]
[Site "La Fere (FRA)"]
[Date "2011.07.06"]
[Round "6.5"]
[White "Rouffignac, Marie"]
[Black "Piankov, Evgenij"]
[Result "0-1"]
[WhiteElo "1568"]
[BlackElo "2327"]
[PlyCount "94"]
[EventDate "2011.??.??"]

1. e4 c6 2. d4 d5 3. Nc3 g6 4. h3 Bg7 5. Nf3 Nf6 6. e5 Nfd7 7. Be3 e6 8. Qd2 h6
9. Be2 a6 10. O-O c5 11. Rfe1 cxd4 12. Bxd4 Nc6 13. Rad1 Nxd4 14. Qxd4 Qb6 15.
Qxb6 Nxb6 16. Bd3 Bd7 17. Nb1 Rc8 18. Nbd2 Na4 19. Rb1 b5 20. Nb3 Ke7 21. Nbd4
Nc5 22. Kf1 h5 23. Nd2 h4 24. N2b3 Na4 25. Nf3 Nb6 26. Nbd2 Rh5 27. b3 Bc6 28.
Re2 Nd7 29. Rbe1 Bb7 30. a3 Rc3 31. Nb1 Rc5 32. b4 Rc8 33. Nbd2 Rc3 34. Nb1 Rc7
35. Nbd2 Nb6 36. Nb3 Na4 37. Ra1 Nc3 38. Ree1 Ne4 39. Na5 Nc3 40. Kg1 Ba8 41.
a4 Nxa4 42. Nb3 Bb7 43. Na5 Bc8 44. Nb3 Ke8 45. Nbd4 Nc3 46. Nb3 Bf8 47. Nfd4
Bxb4 0-1

[Event "10eme Open International de La Fere"]
[Site "La Fere (FRA)"]
[Date "2011.07.06"]
[Round "6.6"]
[White "Peric, Slavisa"]
[Black "Molet, Asher"]
[Result "1-0"]
[WhiteElo "2258"]
[BlackElo "1859"]
[PlyCount "43"]
[EventDate "2011.??.??"]

1. d4 d5 2. c4 e6 3. Nf3 Nf6 4. Nc3 Be7 5. Bg5 Nbd7 6. e3 O-O 7. Rc1 a6 8. a3
dxc4 9. Bxc4 b5 10. Bd3 c5 11. O-O Bb7 12. Qe2 Qb6 13. Rfd1 Rfd8 14. Bb1 Rac8
15. h3 h6 16. Bf4 Bc6 17. Ne5 Nxe5 18. dxe5 Nd7 19. Qg4 Kh8 20. Qh5 f5 21. Bxh6
Kg8 22. Qg6 1-0

[Event "10eme Open International de La Fere"]
[Site "La Fere (FRA)"]
[Date "2011.07.06"]
[Round "6.7"]
[White "Safranska, Anda"]
[Black "Touret, Alex"]
[Result "1-0"]
[WhiteElo "2230"]
[BlackElo "1843"]
[PlyCount "75"]
[EventDate "2011.??.??"]

1. e4 c5 2. d3 d6 3. g3 Nc6 4. Bg2 Nf6 5. f4 g6 6. Nf3 Bg7 7. O-O O-O 8. h3 Rb8
9. a4 Bd7 10. Kh2 a5 11. c3 b5 12. axb5 Rxb5 13. Na3 Rb7 14. e5 Ne8 15. Nc4 d5
16. Ne3 e6 17. Nc2 Qc7 18. Qe2 Nb8 19. Rf2 Ra7 20. g4 Nc6 21. Be3 Ne7 22. Kh1
Qb6 23. Rff1 Nc7 24. Bf2 Nb5 25. Qd2 a4 26. d4 c4 27. Ne3 Nc6 28. f5 exf5 29.
Nxd5 Qd8 30. Bh4 Qc8 31. Nf6+ Kh8 32. Nh2 Na5 33. Rae1 Nb3 34. Qf2 a3 35. bxa3
Nxc3 36. Bg5 fxg4 37. hxg4 h6 38. Qh4 1-0

[Event "10eme Open International de La Fere"]
[Site "La Fere (FRA)"]
[Date "2011.07.06"]
[Round "6.8"]
[White "Schroeder, Jan-Christian"]
[Black "Dermenghen, Thomas"]
[Result "1-0"]
[WhiteElo "2164"]
[BlackElo "1839"]
[PlyCount "109"]
[EventDate "2011.??.??"]

1. e4 e6 2. d4 d5 3. e5 c5 4. c3 Nc6 5. Nf3 Qb6 6. a3 c4 7. Nbd2 Na5 8. Be2 Bd7
9. O-O O-O-O 10. Rb1 Nb3 11. Nxb3 Ba4 12. Bf4 Bxb3 13. Qd2 a5 14. h4 h6 15. h5
Ne7 16. Nh2 Nc6 17. Rbe1 Be7 18. Bg4 Rdg8 19. Bh3 Kb8 20. Ng4 Qd8 21. Bh2 g6
22. hxg6 Rxg6 23. f4 Rhg8 24. Ne3 Bh4 25. Re2 Qe8 26. f5 R6g7 27. f6 Rg6 28.
Nxd5 exd5 29. e6+ Ka7 30. exf7 Qxf7 31. Be6 Rxg2+ 32. Rxg2 Qxe6 33. Rxg8 Qxg8+
34. Qg2 Qxg2+ 35. Kxg2 Nd8 36. f7 Nxf7 37. Rxf7 Bc2 38. Kf3 Bd1+ 39. Kf4 Bh5
40. Rh7 Bg5+ 41. Ke5 Bc1 42. Kxd5 Be2 43. Bc7 Bd3 44. Rh8 a4 45. Bb8+ Kb6 46.
Bd6 Kb5 47. Rb8 Kb6 48. Rh8 Kb5 49. Bc7 Be2 50. Ke4 Kc6 51. Ba5 h5 52. d5+ Kb5
53. Bb4 Bxb2 54. d6 Bg4 55. Rxh5+ 1-0

[Event "10eme Open International de La Fere"]
[Site "La Fere (FRA)"]
[Date "2011.07.06"]
[Round "6.9"]
[White "Londers, Jan"]
[Black "Llaneza Vega, Patricia"]
[Result "0-1"]
[WhiteElo "1877"]
[BlackElo "2246"]
[PlyCount "70"]
[EventDate "2011.??.??"]

1. e4 c5 2. Nf3 Nc6 3. d4 cxd4 4. Nxd4 Nf6 5. Nc3 e5 6. Ndb5 d6 7. Bg5 a6 8.
Na3 b5 9. Nd5 Be7 10. Nxe7 Nxe7 11. Bxf6 gxf6 12. Qd2 Bb7 13. O-O-O d5 14. exd5
Qxd5 15. Qh6 Qe6 16. Bxb5+ axb5 17. Nxb5 Nf5 18. Nc7+ Ke7 19. Qd2 Qd6 20. Qxd6+
Nxd6 21. Nxa8 Rxa8 22. f3 Rxa2 23. Kb1 Ra6 24. Rhe1 Ke6 25. b3 f5 26. c4 f4 27.
Kb2 Nf5 28. Rd2 Ne3 29. Kc3 f5 30. Ree2 e4 31. fxe4 fxe4 32. g3 Nf1 33. Ra2
Rxa2 34. Rxa2 f3 35. Ra1 Nxh2 0-1

[Event "10eme Open International de La Fere"]
[Site "La Fere (FRA)"]
[Date "2011.07.06"]
[Round "6.10"]
[White "Oprandi, William"]
[Black "Loiret, Stanislas"]
[Result "0-1"]
[WhiteElo "1779"]
[BlackElo "2267"]
[PlyCount "120"]
[EventDate "2011.??.??"]

1. d4 d5 2. c4 c6 3. Nf3 Nf6 4. Nc3 dxc4 5. a4 Bf5 6. e3 e6 7. Bxc4 Bb4 8. O-O
O-O 9. Qe2 Bg4 10. Rd1 Qa5 11. Bd2 Qh5 12. e4 Rd8 13. Bf4 Bxf3 14. gxf3 Nbd7
15. Bg3 Qa5 16. Qc2 Nb6 17. Be2 c5 18. dxc5 Qxc5 19. Rd3 Rxd3 20. Qxd3 Ne8 21.
Nd1 Rc8 22. Ne3 a6 23. b3 h5 24. Rd1 Qe7 25. h3 g6 26. f4 Ng7 27. Kf1 Kh7 28.
f5 exf5 29. exf5 Bc5 30. fxg6+ fxg6 31. Ng2 Qe6 32. Nf4 Qf5 33. Qxf5 Nxf5 34.
Kg2 a5 35. Bd3 Kh6 36. Ne6 Nxg3 37. fxg3 Be3 38. Re1 Nd5 39. Bc4 Bd2 40. Re2
Ne3+ 41. Kf3 Nxc4 42. bxc4 Bb4 43. Re4 Rc6 44. Nd8 Rf6+ 45. Rf4 Rb6 46. Rf7 Be1
47. Rxb7 Rf6+ 48. Ke2 Bxg3 49. Rb5 Rf2+ 50. Ke3 Rh2 51. Kf3 Bh4 52. Nb7 Rxh3+
53. Ke4 Rc3 54. Nxa5 Bf2 55. Kd5 h4 56. Rb2 Rf3 57. Ke4 Rf5 58. Nb3 h3 59. Nd2
h2 60. Rb1 Bg1 0-1

[Event "10eme Open International de La Fere"]
[Site "La Fere (FRA)"]
[Date "2011.07.06"]
[Round "6.11"]
[White "Henris, Luc"]
[Black "Fauchart, Francois"]
[Result "1-0"]
[WhiteElo "2189"]
[BlackElo "1642"]
[PlyCount "51"]
[EventDate "2011.??.??"]

1. e4 c5 2. c3 e5 3. Nf3 d6 4. d4 cxd4 5. cxd4 Bg4 6. dxe5 Bxf3 7. Qxf3 Qa5+ 8.
Nc3 dxe5 9. Bc4 Nf6 10. O-O Nc6 11. Nd5 Qd8 12. Bg5 Be7 13. Rad1 Nd4 14. Nxf6+
gxf6 15. Bb5+ Nxb5 16. Rxd8+ Rxd8 17. Be3 Rd3 18. Qg4 Nd6 19. Qe2 Rxe3 20. Qxe3
b6 21. Rc1 Kd7 22. Qh3+ Ke8 23. Qa3 a5 24. Qa4+ Kf8 25. Qd7 Nxe4 26. Rc8+ 1-0

[Event "10eme Open International de La Fere"]
[Site "La Fere (FRA)"]
[Date "2011.07.06"]
[Round "6.12"]
[White "Biniaux, Michael"]
[Black "Schartz, Alain"]
[Result "0-1"]
[WhiteElo "1720"]
[BlackElo "2172"]
[PlyCount "50"]
[EventDate "2011.??.??"]

1. d4 d5 2. c4 e5 3. e3 dxc4 4. Bxc4 exd4 5. exd4 Bd6 6. Nf3 Nf6 7. O-O O-O 8.
Nc3 Bg4 9. Re1 Nbd7 10. Bd2 c6 11. h3 Bh5 12. Bd3 Re8 13. Rxe8+ Qxe8 14. Qe2
Qf8 15. Bf5 Bg6 16. Bxg6 hxg6 17. Qd3 Nb6 18. Ne5 Rd8 19. Qf3 Be7 20. Ne2 Nbd5
21. a3 Nh7 22. Qg3 Qe8 23. Be3 Nxe3 24. fxe3 Bd6 25. Nc3 f6 0-1

[Event "10eme Open International de La Fere"]
[Site "La Fere (FRA)"]
[Date "2011.07.06"]
[Round "6.13"]
[White "Roux, Jean-Francois"]
[Black "Vedovotto, Nicolas"]
[Result "0-1"]
[WhiteElo "1682"]
[BlackElo "2068"]
[PlyCount "68"]
[EventDate "2011.??.??"]

1. d4 d5 2. c4 e6 3. Nc3 c6 4. cxd5 exd5 5. Bf4 Nf6 6. Qc2 Bd6 7. Bxd6 Qxd6 8.
e3 O-O 9. Bd3 Nbd7 10. Nf3 Re8 11. O-O Nf8 12. Ne5 Ng4 13. Nxg4 Bxg4 14. Bxh7+
Nxh7 15. Rac1 Nf6 16. f3 Bh5 17. Qf2 Bg6 18. Rfe1 Rad8 19. a4 b6 20. Qe2 Qd7
21. b4 c5 22. Qb2 cxd4 23. exd4 Rxe1+ 24. Rxe1 Re8 25. Re5 Rxe5 26. dxe5 Ne8
27. b5 d4 28. Qd2 Nc7 29. Kf2 Ne6 30. Ne2 d3 31. Nc3 Qd4+ 32. Kf1 Qxe5 33. g3
Nc5 34. Qd1 Qxc3 0-1

[Event "10eme Open International de La Fere"]
[Site "La Fere (FRA)"]
[Date "2011.07.06"]
[Round "6.14"]
[White "Caloone, Thomas"]
[Black "Feryn, Alexandre"]
[Result "0-1"]
[WhiteElo "1640"]
[BlackElo "2063"]
[PlyCount "74"]
[EventDate "2011.??.??"]

1. e4 c5 2. Nf3 a6 3. a4 e6 4. Nc3 d6 5. d3 Nf6 6. g3 Be7 7. Bg2 O-O 8. O-O
Nbd7 9. b3 Qc7 10. Bb2 Rb8 11. a5 Ne8 12. Ne2 Bf6 13. Bxf6 Nexf6 14. Qd2 Re8
15. c3 b5 16. b4 Bb7 17. Rfc1 c4 18. dxc4 Nxe4 19. Qe3 Qxc4 20. Nd2 Nxd2 21.
Qxd2 Bxg2 22. Kxg2 Ne5 23. Nd4 Qd5+ 24. Kg1 Nc4 25. Qe2 e5 26. Qf3 e4 27. Qg2
Rbc8 28. Ne2 Qe5 29. Ra2 Rc7 30. Nd4 f5 31. Re2 d5 32. f4 Qf6 33. Nb3 g5 34.
fxg5 Qxg5 35. Rf2 Ne5 36. Rcc2 Nf3+ 37. Kh1 Ne1 0-1

[Event "10eme Open International de La Fere"]
[Site "La Fere (FRA)"]
[Date "2011.07.06"]
[Round "6.15"]
[White "Thomas, Olivier"]
[Black "Van Poucke, Guy"]
[Result "1-0"]
[WhiteElo "2035"]
[BlackElo "1490"]
[PlyCount "41"]
[EventDate "2011.??.??"]

1. e4 c5 2. Nc3 Nc6 3. f4 e6 4. Nf3 g6 5. Bc4 Bg7 6. f5 d5 7. exd5 exd5 8. Nxd5
Bxf5 9. d3 Nge7 10. Ne3 O-O 11. O-O Ne5 12. Nxf5 Nxf5 13. Nxe5 Bxe5 14. Qg4
Bd4+ 15. Kh1 Ne3 16. Bxe3 Bxe3 17. Rxf7 Kh8 18. Raf1 Rxf7 19. Rxf7 Qe8 20. Qh4
Bh6 21. Qf6+ 1-0

[Event "10eme Open International de La Fere"]
[Site "La Fere (FRA)"]
[Date "2011.07.06"]
[Round "6.16"]
[White "Denis, Monique"]
[Black "Feryn, Benjamin"]
[Result "0-1"]
[WhiteElo "1480"]
[BlackElo "2032"]
[PlyCount "56"]
[EventDate "2011.??.??"]

1. e4 e5 2. Nf3 Nc6 3. Bb5 Nge7 4. c4 g6 5. Nc3 Bg7 6. d3 O-O 7. O-O d6 8. h3
f5 9. Nh2 Nd4 10. Ba4 Ne6 11. Bd2 c6 12. Qc1 Kh8 13. Bd1 a5 14. Kh1 b6 15. Nf3
Ba6 16. b3 Rc8 17. Ng5 Nc5 18. Bc2 d5 19. Re1 fxe4 20. dxe4 dxc4 21. Rb1 h6 22.
Nf3 cxb3 23. Bxb3 Nd3 24. Bxh6 Nxc1 25. Bxg7+ Kxg7 26. Rbxc1 Rxf3 27. gxf3 Qd7
28. Kh2 Rh8 0-1

[Event "10eme Open International de La Fere"]
[Site "La Fere (FRA)"]
[Date "2011.07.06"]
[Round "6.17"]
[White "Devaux, Jean-Marc"]
[Black "Soveaux, Jean"]
[Result "1-0"]
[WhiteElo "1470"]
[BlackElo "1893"]
[PlyCount "111"]
[EventDate "2011.??.??"]

1. e4 c5 2. Nf3 Nc6 3. d4 cxd4 4. Nxd4 g6 5. Nc3 Bg7 6. Be3 a6 7. Be2 e6 8. O-O
Nf6 9. Nb3 O-O 10. f4 d6 11. Bf3 Qe7 12. e5 Nd7 13. Qxd6 Qxd6 14. exd6 Na7 15.
a4 Nc6 16. Bxc6 bxc6 17. Rab1 a5 18. Nc5 Rd8 19. N3e4 Nb6 20. Nxe6 fxe6 21.
Bxb6 Rd7 22. Rfd1 Rb8 23. Bd4 Rb4 24. Bxg7 Rxe4 25. Be5 Rb7 26. b3 Bd7 27. Kf2
Reb4 28. Kf3 c5 29. Bc3 Bc6+ 30. Ke3 Re4+ 31. Kf2 Rxf4+ 32. Kg3 g5 33. Rf1 Rbf7
34. Rxf4 Rxf4 35. Rd1 Bd7 36. Bxa5 h5 37. h3 Kf7 38. Bc3 h4+ 39. Kh2 Rf2 40.
Rd2 Rf5 41. a5 Rd5 42. Rf2+ Ke8 43. Rd2 Bc6 44. Rxd5 Bxd5 45. Be5 Kd7 46. Bf6
Kxd6 47. Bxg5 e5 48. Bxh4 e4 49. Bf2 c4 50. bxc4 Bxc4 51. Be3 Kc6 52. Bd2 Kd5
53. Kg3 Ke5 54. Kf2 Kf5 55. g4+ Kg6 56. h4 1-0

[Event "10eme Open International de La Fere"]
[Site "La Fere (FRA)"]
[Date "2011.07.06"]
[Round "6.18"]
[White "Jimenez, Martin"]
[Black "Podvin, Antoine"]
[Result "1-0"]
[WhiteElo "1888"]
[BlackElo "1377"]
[PlyCount "61"]
[EventDate "2011.??.??"]

1. d4 Nf6 2. c4 g6 3. Nc3 Bg7 4. e4 d6 5. f4 O-O 6. Nf3 Bg4 7. Be2 Nbd7 8. O-O
Rc8 9. Rb1 e5 10. fxe5 dxe5 11. d5 Nc5 12. Qc2 Re8 13. b4 Ncd7 14. c5 Nb8 15.
Bg5 a6 16. Rbd1 Qe7 17. a3 Red8 18. h3 Bxf3 19. Rxf3 h6 20. d6 cxd6 21. Nd5 Qe6
22. Bxf6 Bxf6 23. Rxf6 Qe8 24. Rxg6+ Kh8 25. Rxh6+ Kg7 26. Rh7+ Kf8 27. Bh5 Qe6
28. Rf1 Rd7 29. Qd2 Rcd8 30. Qg5 Nc6 31. Rh8# 1-0

[Event "10eme Open International de La Fere"]
[Site "La Fere (FRA)"]
[Date "2011.07.06"]
[Round "6.19"]
[White "Boudier, Eric"]
[Black "Rech, Thomas"]
[Result "1-0"]
[WhiteElo "1840"]
[BlackElo "1360"]
[PlyCount "43"]
[EventDate "2011.??.??"]

1. e4 e5 2. Nc3 Nf6 3. f4 exf4 4. e5 Ng8 5. Nf3 d6 6. d4 Nc6 7. Bxf4 g6 8. Bc4
Bg4 9. O-O Bg7 10. Bxf7+ Kxf7 11. Ng5+ Ke8 12. Qxg4 dxe5 13. d5 Nce7 14. Bg3
Nf6 15. Qe6 Rb8 16. Bxe5 Qd7 17. Rae1 Qxe6 18. Nxe6 Rg8 19. Nxg7+ Rxg7 20. Bxf6
Rf7 21. d6 cxd6 22. Nd5 1-0

[Event "10eme Open International de La Fere"]
[Site "La Fere (FRA)"]
[Date "2011.07.06"]
[Round "6.20"]
[White "Jean, Robert"]
[Black "Caloone, Claire"]
[Result "1-0"]
[WhiteElo "1808"]
[BlackElo "1340"]
[PlyCount "99"]
[EventDate "2011.??.??"]

1. c4 e5 2. g3 Nf6 3. Bg2 Bc5 4. Nc3 O-O 5. Nf3 Nc6 6. O-O d6 7. d3 h6 8. a3
Bb6 9. e3 Bg4 10. b4 a6 11. Rb1 Re8 12. Qc2 Ne7 13. a4 a5 14. b5 c6 15. Qb3 Bc7
16. d4 e4 17. Nd2 d5 18. cxd5 cxd5 19. f3 exf3 20. Nxf3 b6 21. Ne5 Bf5 22. Nc6
Nxc6 23. Rxf5 Nb4 24. Nxd5 Nbxd5 25. Bxd5 Nxd5 26. Qxd5 Qxd5 27. Rxd5 Rad8 28.
Rxd8 Rxd8 29. Kf2 Kf8 30. Ba3+ Bd6 31. Bxd6+ Rxd6 32. Rc1 Ke7 33. Rc6 Rf6+ 34.
Rxf6 Kxf6 35. e4 Ke6 36. g4 f6 37. h4 Kd6 38. Ke3 Ke6 39. h5 Kd6 40. Kf4 Ke6
41. d5+ Ke7 42. Kf5 Kf7 43. d6 Ke8 44. Ke6 Kf8 45. d7 Kg8 46. d8=Q+ Kh7 47.
Qxb6 f5 48. gxf5 Kh8 49. Kf7 g5 50. Qxh6# 1-0

[Event "10eme Open International de La Fere"]
[Site "La Fere (FRA)"]
[Date "2011.07.06"]
[Round "6.22"]
[White "Bouguettouche, Didier"]
[Black "Obert, Julien"]
[Result "1/2-1/2"]
[WhiteElo "1410"]
[BlackElo "1792"]
[PlyCount "51"]
[EventDate "2011.??.??"]

1. d4 d5 2. Bf4 Nf6 3. h3 Bf5 4. Nd2 e6 5. e3 Nbd7 6. Ngf3 Be7 7. c4 c6 8. cxd5
exd5 9. Be2 O-O 10. O-O Re8 11. Ne5 Nxe5 12. Bxe5 Nd7 13. Bg3 Qb6 14. Bg4 Bxg4
15. Qxg4 Nf6 16. Qe2 Rad8 17. b3 c5 18. Qd3 cxd4 19. Qxd4 Bc5 20. Qb2 Ne4 21.
Nxe4 dxe4 22. Rac1 Rc8 23. Rc4 Bd6 24. Rxc8 Rxc8 25. Bxd6 Qxd6 26. Rc1 1/2-1/2

[Event "10eme Open International de La Fere"]
[Site "La Fere (FRA)"]
[Date "2011.07.06"]
[Round "6.23"]
[White "Tonneau, Bastien"]
[Black "Marchyllie, Bruno"]
[Result "0-1"]
[WhiteElo "1370"]
[BlackElo "2143"]
[PlyCount "84"]
[EventDate "2011.??.??"]

1. e4 c5 2. Nf3 d6 3. Nc3 g6 4. Bb5+ Nd7 5. O-O a6 6. Bxd7+ Bxd7 7. d4 cxd4 8.
Qxd4 e5 9. Qd5 Bc6 10. Qc4 Rc8 11. Ng5 Qd7 12. Qb3 Nf6 13. Nd5 Nxd5 14. exd5
Ba4 15. Ne4 Bxb3 16. Nf6+ Kd8 17. Nxd7 Kxd7 18. cxb3 Rc2 19. Rd1 Bg7 20. Rd2
Rhc8 21. Rxc2 Rxc2 22. f3 Rc5 23. Be3 Rxd5 24. g4 Rd3 25. Kf2 Bf8 26. Ke2 Rd5
27. b4 Rb5 28. a3 d5 29. Bd2 Rb6 30. Rc1 Rc6 31. Rd1 Ke6 32. b3 f5 33. g5 Bd6
34. Rc1 Rxc1 35. Bxc1 d4 36. h4 Kd5 37. Bb2 e4 38. fxe4+ Kxe4 39. Kd1 Bg3 40.
a4 Bxh4 41. b5 axb5 42. axb5 Bxg5 0-1

[Event "10eme Open International de La Fere"]
[Site "La Fere (FRA)"]
[Date "2011.07.06"]
[Round "6.25"]
[White "Vernede, Victor"]
[Black "Pingue, Renaud"]
[Result "0-1"]
[WhiteElo "1702"]
[BlackElo "1989"]
[PlyCount "62"]
[EventDate "2011.??.??"]

1. d4 d5 2. Bf4 Bf5 3. c4 e6 4. Nc3 c6 5. cxd5 exd5 6. e3 Nf6 7. Bd3 Bg6 8.
Nge2 Nbd7 9. O-O Be7 10. Ng3 Bxd3 11. Qxd3 g6 12. h3 h5 13. e4 h4 14. Nge2 Nxe4
15. Nxe4 dxe4 16. Qxe4 Nf6 17. Qe5 O-O 18. Bg5 Nd5 19. Bxe7 Qxe7 20. Rae1 Rae8
21. Nc1 Qd8 22. Qh2 Qb6 23. Nb3 Qb4 24. Rxe8 Rxe8 25. g3 a5 26. gxh4 a4 27. Nc5
Qxd4 28. Nxb7 Nf4 29. Kh1 Qd3 30. Qxf4 Qxf1+ 31. Kh2 Re2 0-1

[Event "10eme Open International de La Fere"]
[Site "La Fere (FRA)"]
[Date "2011.07.06"]
[Round "6.26"]
[White "Waquet, Frederic"]
[Black "Chevance, Gerard"]
[Result "1-0"]
[WhiteElo "1967"]
[BlackElo "1660"]
[PlyCount "45"]
[EventDate "2011.??.??"]

1. e4 d5 2. exd5 Qxd5 3. Nc3 Qa5 4. g3 Nf6 5. Bg2 c6 6. Nf3 Bg4 7. O-O Qh5 8.
Re1 Nbd7 9. d4 e6 10. Bf4 O-O-O 11. h3 Bxf3 12. Qxf3 Qxf3 13. Bxf3 Bb4 14. a3
Ba5 15. b4 Bc7 16. Be3 h6 17. b5 Ba5 18. Bd2 c5 19. Rad1 cxd4 20. Ne4 Bc7 21.
Bb4 Ne5 22. Bg2 b6 23. Nxf6 1-0

[Event "10eme Open International de La Fere"]
[Site "La Fere (FRA)"]
[Date "2011.07.06"]
[Round "6.27"]
[White "Dumenil, Jean-Francois"]
[Black "Rouffignac, Tanguy"]
[Result "0-1"]
[WhiteElo "1670"]
[BlackElo "1964"]
[PlyCount "130"]
[EventDate "2011.??.??"]

1. d4 Nf6 2. c4 g6 3. Nc3 Bg7 4. e4 d6 5. Nf3 O-O 6. Be2 e5 7. d5 Nbd7 8. b4 a5
9. b5 Nc5 10. Nd2 b6 11. Ba3 Ne8 12. Bxc5 bxc5 13. Rb1 f5 14. O-O Nf6 15. Qc2
f4 16. Na4 Nd7 17. Rb3 Nb6 18. Ra3 g5 19. Qd1 Bd7 20. Nxb6 cxb6 21. Bg4 Bf6 22.
Qf3 Qc8 23. h3 Bxg4 24. Qxg4 Qe8 25. Qe6+ Qxe6 26. dxe6 Rae8 27. Rd3 Rxe6 28.
Nf3 Be7 29. Nh2 h5 30. f3 Kf7 31. Rfd1 Rh8 32. Kf2 Ke8 33. a4 Kd7 34. Rf1 Kc7
35. Ke2 Rg6 36. Kd1 Rg7 37. Ke2 Rhh7 38. Kd1 g4 39. fxg4 Bh4 40. gxh5 Rxg2 41.
Ng4 Rxh5 42. Rff3 Ra2 43. Ra3 Rxa3 44. Rxa3 Bg3 45. Nf6 Rxh3 46. Nd5+ Kb7 47.
Ke2 Rh2+ 48. Kf3 Rc2 49. Ne3 fxe3 50. Kxg3 e2 51. Kf2 Rxc4 52. Kxe2 Rxe4+ 53.
Kf3 Rd4 54. Ke3 Kc7 55. Ra1 Kd7 56. Rh1 Rxa4 57. Rh7+ Ke6 58. Rb7 Rb4 59. Rxb6
Kd5 60. Rb8 c4 61. b6 Kc6 62. Ra8 Kxb6 63. Rb8+ Kc5 64. Rc8+ Kd5 65. Kd2 Kd4
0-1